Statistics for 100 Most Important Women in History

Click here to take the quiz!

General Stats

  • This quiz has been taken 248 times
  • The average score is 23 of 100

Answer Stats

#HintAnswer% Correct
1Founder of the science of radioactivity. First human to win the Nobel prize twice. Identified Radium and Polonium. Funded laboratories in Europe and the US to develop cancer treatments. Equipped Ambulances with X-Ray gear in the First World War and drove them to the front lines herself. Namesake of the 96th element.Marie Curie
94%
2The female face of the Civil Rights movement in the United States. Challenged segregation by refusing to give up her seat on the bus.Rosa Parks
87%
6First female Prime Minister of the United Kingdom called the "Iron Lady" for her uncompromising politics and leadership style.Margaret Thatcher
86%
12Sinless mother of Jesus, according to the Gospels.Virgin Mary
85%
24Final ruler of Egypt's Ptolemaic Dynasty. Potentially the most famous Egyptian.Cleopatra
82%
20Albanian Catholic nun who worked in Calcutta. Founded the Missionaries of Charity.Mother Teresa
82%
27French Saint and warrior. Led France to take back land in the Hundred Year's War before being executed for heresy by the British.Joan of Arc
81%
17Second-longest reigning British monarch. Oversaw the empire through a period of changed named after her.Queen Victoria
80%
16The first woman to fly across the Atlantic ocean. During an attempt to circumnavigate the world, she disappeared, and the reason remains a mystery to this day.Amelia Earhart
79%
13Author of Pride and Prejudice.Jane Austen
78%
22"Great" Russian Empress who modernized and expanded the country. Patron of arts and education.Catherine the Great
77%
15Princess of Wales famous for her charity work and activism, including helping sick children, banning landmines, and raising awareness of cancer, HIV/AIDS, and mental illness.Princess Diana
77%
9The Mother of modern medical practice, a nurse in the Crimean War who reported to the army medical services on how to reduce avoidable deaths and established a permanent military nursing service after the war.Florence Nightingale
74%
49India's first and only female prime minister.Indira Gandhi
69%
21Author of Frankenstein.Mary Shelly
69%
45French fashion designer with a famous eponymous fashion brand.Coco Chanel
68%
28Queen of Castile who unified the kingdom with Aragon to form the Kingdom of Spain and bring it towards global prominence.Isabella of Castile
64%
34Mexican painter and icon for many minority groups. Often overshadowed by her husband in life, is now praised as an important member of the surrealist movement.Frida Kahlo
60%
14Queen of the Iceni tribe during the Roman occupation of Britain who rallied the Celtic tribes to revolt against the Romans, driving them out of major cities.Boudicca
49%
31British modernist novelist who wrote Mrs Dalloway and A Room of One's Own. Also contributed to the founding of the Bloomsbury Group.Virginia Woolf
43%
71English novelist who took a male pen name to be taken seriously. Known for her novels Middlemarch and Slias Marner.Mary Ann Evans
37%
38Shoshone Interpreter who led Lewis and Clark's expedition across America all while holding her newborn on her back. Featured on the US dollar coin.Sacagawea
35%
32Writer and philosopher who wrote The Second Sex, which greatly influenced post-war feminism and gender discussions.Simone de Beauvoir
35%
4Mathematician and considered to be the first computer programmer.Ada Lovelace
33%
3Founded the Women's Social and Political Union and rallied thousands of women to demand the right to vote in Britain.Emmeline Pankhurst
33%
5Expert crystallographer who photographed DNA for the first time.Rosalind Franklin
25%
29Catholic saint who pushed for Church reform after the Black Death.Catherine of Siena
22%
51A nurse during the American Civil War known as the "Angel of the Battlefield" for treating both Union and Confederate soldiers. Went on to establish the Red Cross.Clara Barton
21%
8English writer and philosopher who was essential in the foundations of feminism. Wrote A Vindication for the Rights of Woman.Mary Wollstonecraft
21%
86Founded her own eponymous cosmetics company and became one of the richest self-made women in history.Estée Lauder
20%
11One of the richest women of the middle ages, who was wife to both Louis VII of France and Henry the Young King of England, thus holding an important position in both countries' histories.Eleanor of Aquitaine
19%
35Byzantine Empress; one the first to recognize women's rights, rewriting divorce laws to give equal benefits to women and prohibiting the trafficking of women.Theodora
19%
59English author, composer, and campaigner for women's rights. Produced the opera The Wreckers.Ethel Smyth
18%
83Welsh Artist unappreciated in her lifetime. Since her death, her popularity has greatly increased.Gwen John
18%
19Self-designated nurse during the Crimean War who offered shelter and treatment to injured soldiers in her Hotel.Mary Seacole
18%
47African-American author and anthropologist who wrote Their Eyes Were Watching God and made major contributions to studies of North American and Caribbean folklore.Zora Neale Hurston
18%
91Known in many Islamic works as "Mother of the Believers". Muhammed's final wife and great influencer on Islam. Narrated 2,210 hadiths, both historical and proverbial, and gave inspiring speeches to troops in The Battle of the Camel against Ali.Aisha
17%
76Norwegian Figure skater who became the first woman figure skater to wear her skirt above the knee, enabling her to excel in the sport and win three Olympic gold medals. Became a Hollywood actor later in life.Sonja Henie
17%
41Queen of France and mother of three kings. Remembered for her artistic patronage.Catherine de' Medici
15%
36Alexandrian mathematician, astronomer, and philosopher. Earliest known female mathematician whose works are preserved.Hypatia
15%
88Distinguished German pianist prodigy who was featured on the 100 Deutsche Marc until the adoption of the Euro.Clara Schumann
13%
46Italian Baroque Painter who painted Susanna and the Elders and Judith Slaying Holofernes.Artemisia Gentileschi
12%
48First female publisher of a major American newspaper (The Washington Post), and after taking the company public, the first female CEO of a Fortune 500 company. Oversaw the publishing of the Pentagon Papers and coverage of the Watergate scandal.Katherine Graham
12%
64The fourth Judge of pre-monarchy Israel. A prophet who was told by God to lead an army against a Canaanite army to win an overwhelming victory, according to the Book of Judges.Deborah
11%
25English Quaker known as the "Angel of Prisons" who campaigned to make prisons more humane. She also improved British hospitals and treatments of the mentally ill.Elizabeth Fry
11%
10Scottish sex educator and advocate for birth control who wrote Wise Parenting.Marie Stopes
11%
40Austrian Physicist who discovered the element Protactinium as well as nuclear fission. Namesake of the 109th element.Lise Meitner
10%
55Invented a movable camera that could display video of a front door on a TV screen in order to protect the homeowner and residents.Marie Van Brittan Brown
10%
79Japanese Novelist born in the 10th century. Best known for her novel The Tale of Genji.Murasaki Shikibu
10%
72De facto Chinese empress during the late Qing Dynasty. Initially a low concubine for the emperor, she consolidated power after the emperor's death to become the sole ruler. Considered a ruthless despot today, she is still proof that women are capable of holding powerful positions.Empress Dowager Cixi
9%
26Paleontologist who discovered many fossils of extinct species that helped popularize the theory of evolution.Mary Anning
9%
96German composer who created Easter Sonata (initially incorrectly attributed to her brother along with many other works).Fanny Mendelssohn
8%
33Computer Scientist and US Navy rear admiral. First woman to earn a PhD in Mathematics from Yale University. Developed the early programming language COBOLGrace Hopper
8%
39Pioneering journalist who wrote powerful stories about the poor and corruption. Circumnavigated the world on her own in 72 days, setting a new world record.Nellie Bly
8%
53The first female head of government ever, the Prime Minister of Sri Lanka.Sirimavo Bandaranaike
8%
93American writer, filmmaker, and activist. Known for her essay, "Notes on 'Camp'". Wrote about photography, AIDS, human rights, communism, and many other hot topics.Susan Sontag
8%
100Considered the first prominent female Punjabi writer. Best known for the poem Ajj aakhaan Waris Shah nu ("Ode to Waris Shah").Amrita Pritam
7%
73Controversial American radical feminist best known for her analysis of pornography as a tool used to control women, who also often examined subjects through a feminist perspective, including histories and fairy tales.Andrea Dworkin
7%
50Chilean poet who wrote about morality and motherhood. First Latin American author to win the Nobel Prize.Gabriela Mistral
7%
18British activist who campaigned against sexual double standards in the medical field such as compulsory examinations of women, and later against child prostitution and international sex trafficking.Josephine Butler
7%
90Great writer who co-authored the book A Monetary History of the United States: 1867-1960, which faulted the American Federal Reserve System for the Great Crash of 1929 and ultimately the Great Depression, regarded as the most influential account of the great depression.Anna Jacobson Schwartz
6%
70Economist who showed how to address hidden unemployment and low wages. The first woman to be made an honorary member of King's College.Joan Robinson
6%
61French tennis player with multiple grand slam titles and two Olympic gold medals. Became the first person to win three Wimbledon championships in a year.Suzanne Lenglen
6%
75The first black woman to make a major impact on international Track and Field. Won three Olympic gold medals and went on to ambassadorial work in Africa and campaigning for the American Civil Rights movement.Wilma Rudolph
6%
52Russian poet who secretly wrote of the suffering of Russian people during the Soviet Union's reign.Anna Akhmatova
5%
87The only woman to win the Nobel Prize in Economics (until 2018), earned for demonstrating how commonly-owned properties can be used cooperatively.Elinor Ostrom
5%
58The first woman to swim across the English Channel, and did it two hours faster than any men before her had done.Gertrude Ederle
5%
82Appointed first commander of the Women's Army Auxiliary Corps. Oversaw the expansion of the organization before leaving to become the commander of the Women's Royal Air Force.Helen Gwynne-Vaughan
5%
62The first self-made billionaire in America. Started an eponymous (after she changed her name) beauty and hair products company for African Americans.Sarah Breedlove
5%
30Kenyan environmentalist who founded the Green Belt Movement (similar to what Jetpunk contributes to!). The first woman in East and Central Africa to earn a doctorate degree, and the first African woman to earn the Nobel Peace Prize.Wangari Maathai
5%
44English playwright who wrote The Rover.Aphra Behn
4%
85Dutch track and field athlete who won four Olympic gold medals in 1948. Helped dismantle the myth that being a mother and an athlete are mutually exclusive.Fanny Blankers-Koen
4%
95French volcanologist known for edging human survival limits in her research endeavors. Through her and her brother's recordings and other evidence, she was able to convince many authorities to evacuate after volcanic eruptions.Katia Krafft
4%
78Co-founder of Mattel, which would go on to produce and sell her creation, the Barbie doll.Ruth Handler
4%
77Indian freedom fighter and poet. The first woman to be President of the Indian National Congress and to be appointed governor of an Indian State. Played a leading role in the civil disobedience movement in Colonial India.Sarojini Naidu
4%
99Australian swimmer considered "the forerunner of modern synchronized swimming". Greatly influenced swimming as a sport.Annette Kellerman
3%
97French mathematician known for translating Newton's Principia into French and proposing a law of conservation of total energy and derivation of a quantifiable kinetic energy.Emilie du Châtelet
3%
84English satirical novelist best known for Evelina. Her works offer insight into high 1700's English society.Fanny Burney
3%
42Victorian-Era British explorer and writer who explored all over the world by boat, horse, or on foot.Isabella Bird
3%
57The first woman to reach the summit of Mount Everest.Junko Tabei
3%
66Swedish woman who pioneered physical education, founding the first Physical Educator's college in England and advocating for rational dress in sports.Martina Bergman-Österberg
3%
63A pioneer in women's cricket, and helped develop the world cup for the women's sport.Rachael Heyhoe Flint
3%
92Tibetan princess known as the female Buddha for her influence on the development of Buddhism.Yeshe Tsogyal
3%
74Frenchwoman who organized an event that would evolve into the Women's World Games, pressuring the Olympic Committee to create more women's events.Alice Milliat
2%
7English philanthropist who pioneered social housing and financed the redevelopment of East London. Made a baroness by the Queen for her work with the poor.Angela Burdett-Coutts
2%
43The first American woman to earn a pilot license who became a stunt pilot.Bessie Coleman
2%
89Nicknamed "Lady Edison" due to her innovations. Invented many machines and products that helped in the mass production of various products, and best known for inventing the typewriting machine, the can opener, and several sewing machines.Beulah Louise Henry
2%
98Nigerian novelist best known for her book The Joys of Motherhood. Often covered themes of female independence in her works.Buchi Emecheta
2%
37Humanitarian and suffragist British MP who later worked with Spanish and Jewish refugees during the rise of fascism in Europe.Eleanor Rathbone
2%
60British welfare campaigner during the Second Boer War. Raised social awareness for the poor treatment of displaced Boers and successfully challenged the British government.Emily Hobhouse
2%
56Europe's first female professor. Introduced Newtonian mechanics to Italy.Laura Bassi
2%
81One of the first professional English Footballers, posthumously an LGBT icon in sports.Lily Parr
2%
69Englishwoman who exceled in lawn tennis, golf, archery, hockey, skating, tobogganing, and mountaineering.Lottie Dod
2%
80One of the few women who fought for Russia in WWI and did not hide their gender. After the first Russian Revolution, she was made commander of the first all-female Battalion of Death.Maria Bochkareva
2%
68German naturalist who left her unhappy marriage to sell her illustrations of various plants' lifecycles.Maria Merian
2%
67French sportswoman and pilot who piloted in the First World War and earned a Croix de Guerre. Later she would contribute towards a female air ambulance service in WWII.Marie Marvingt
2%
54The first woman and first Iranian to win the Field's medal and solved mathematical problems too complex for me to understand enough to describe here.Maryam Mirzakhani
2%
65British scientist who wrote the book Physical Geography, and predicted the position of Neptune based on the slight irregular motions of Uranus. Currently featured on the Royal Bank of Scotland's plastic 10 pound noteMary Somerville
2%
94The first female professional balloonist (and the first woman to die in an aviation accident).Sophie Blanchard
2%
23British intelligence officer and member of the Special Operations Executive during World War II who was able to trace every missing SOE agent besides one.Vera Atkins
2%

Score Distribution

Percentile by Number Answered

Percent of People with Each Score

Your Score History

You have not taken this quiz